000 00528nam a2200157Ia 4500
008 170224s9999 xx 000 0 und d
100 _aFeng Wu & Hong Zhao
245 _aHow to respond to journalists’ questions? A new perspective on Chinese premiers’ aggressiveness at press conferences (1993–2015)
245 _cFeng Wu & Hong Zhao
260 _bAsian Journal of Communication
260 _c2016
300 _a26:5, Pages: 446-465
500 _a2016
650 _xCommunication Arts
650 _xMultimedia Arts
999 _c316217
_d316217